El prisma de la evolución / (Registro nro. 8177)

Detalles MARC
000 -CABECERA
Campo de control interno 01749nam a2200241Ia 4500
008 - ELEMENTOS DE LONGITUD FIJA - INFORMACIÓN GENERAL
Campo de control de longitud fija 260220t2009||||xx |||||||||||||| ||spa||
040 ## - FUENTE DE CATALOGACIÓN
Agencia de catalogación original PY-SlUNAC
Idioma de catalogación spa
Convenciones de descripción rda
041 ## - CÓDIGO DE IDIOMA
Código de idioma para texto/pista de sonido o título separado spa
082 ## - NÚMERO DE CLASIFICACIÓN DECIMAL DEWEY
Clasificación Decimal Dewey (CDD) 575
Clasificación Expansiva de Cutter (EC) Al79p
100 ## - ASIENTO PRINCIPAL - NOMBRE PERSONAL
Nombre personal Altuna, Carlos
Rol del autor Autor
245 #0 - TÍTULO
Título El prisma de la evolución /
Mención de responsabilidad por Carlos Altuna [Autor]
264 ## - PIE DE IMPRENTA
Lugar Montevideo :
Editorial DIRAC,
Año ℗2009.
300 ## - DESCRIPCIÓN FÍSICA
Páginas 1 volumen
520 ## - NOTA DE RESUMEN
Nota de resumen En "El prisma de la evolución", Carlos Altuna ofrece una exploración profunda de los mecanismos que rigen la evolución biológica, integrando diversas disciplinas como la biología, la genética y la ecología. A través de un enfoque interdisciplinario, el autor examina cómo los factores ambientales, la selección natural y las interacciones entre especies influyen en los procesos evolutivos. Altuna también discute el papel de la variabilidad genética y la adaptabilidad de los organismos en entornos cambiantes, resaltando la importancia de la coevolución y las dinámicas poblacionales. Además, el libro destaca la relevancia de la evolución en la comprensión de la biodiversidad y las crisis ecológicas actuales, proponiendo un marco teórico que invita a reflexionar sobre la relación entre la evolución y la conservación de especies. Con un lenguaje accesible y ejemplos concretos, "El prisma de la evolución" se convierte en una obra fundamental para estudiantes y profesionales interesados en la biología evolutiva y sus implicaciones en el mundo contemporáneo.
653 ## - MATERIA - TÉRMINO TEMÁTICO NO CONTROLADO (PALABRAS CLAVE)
Materia - término temático no controlado (palabras clave) Biología
653 ## - MATERIA - TÉRMINO TEMÁTICO NO CONTROLADO (PALABRAS CLAVE)
Materia - término temático no controlado (palabras clave) Ciencias naturales
653 ## - MATERIA - TÉRMINO TEMÁTICO NO CONTROLADO (PALABRAS CLAVE)
Materia - término temático no controlado (palabras clave) Evolución
942 ## - ELEMENTOS PERSONALIZADOS (KOHA)
Fecha catalogación 2026/02/17
Tipo de documento Libros
Existencias
Fuente de Clasificacion Colección Ubicacion permanente Biblioteca actual Fecha de Ingreso a la Biblioteca Origen de adquisición Código de ubicación Código de barras Tipo de Item KOHA Nota pública
Dewey Decimal Classification Colección General (CG) Biblioteca e Internet, Facultad de Ciencias Exactas y Naturales Biblioteca e Internet, Facultad de Ciencias Exactas y Naturales 02/20/2026 Donación 575 Al79p CG1537 Libros Material disponible en la Biblioteca e Intenet, Campus UNA, San Lorenzo.